书目信息 |
| 题名: |
基础生命科学
|
|
| 作者: | 吴庆余 编著 | |
| 分册: | ||
| 出版信息: | 北京 高等教育出版社 2003.03 |
|
| 页数: | 486页 | |
| 开本: | 28cm | |
| 丛书名: | ||
| 单 册: | ||
| 中图分类: | Q1-0 | |
| 科图分类: | ||
| 主题词: | 生命科学--sheng ming ke xue--高等学校--教材 | |
| 电子资源: | 666859.htm | |
| ISBN: | 7-04-011161-6 | |
| 000 | 01000nam0 2200289 450 | |
| 001 | CAL 012002187716 | |
| 005 | 20050607164654.2 | |
| 010 | @a7-04-011161-6@d59.90CNY | |
| 099 | @aCAL 012002187716 | |
| 100 | @a20020701d2003 em y0chiy0120 ea | |
| 101 | 0 | @achi |
| 102 | @aCN@b110000 | |
| 105 | @aak a 000yy | |
| 200 | 1 | @a基础生命科学@Aji chu sheng ming ke xue@d= Essentials of life science@f吴庆余编著@zeng |
| 210 | @a北京@c高等教育出版社@d2003.03 | |
| 215 | @a486页@c图 (部分彩图)@d28cm | |
| 320 | @a有书目 (第485页) | |
| 330 | @a全书共分16章,内容包括生物的多样性与分类、细胞和生命的化学组成、能量与代谢、遗传和分子生物学、生物技术、生物进化、个体生物学和发育、生态学等等。 | |
| 510 | 1 | @aEssentials of life science@zeng |
| 606 | 0 | @a生命科学@Asheng ming ke xue@x高等学校@j教材 |
| 690 | @aQ1-0@v4 | |
| 701 | 0 | @a吴庆余@Awu qing yu@4编著 |
| 801 | 0 | @aCN@b北京万源信海@c20020701 |
| 856 | 4 | @u666859.htm |
| 905 | @a10447@dQ1-0@eW850 | |
| 906 | @dCNY59.90@n0@r1 | |
| 998 | @aPUL | |
| 基础生命科学= Essentials of life science/吴庆余编著.-北京:高等教育出版社,2003.03 |
| 486页:图 (部分彩图);28cm |
| ISBN 7-04-011161-6:59.90CNY |
| 全书共分16章,内容包括生物的多样性与分类、细胞和生命的化学组成、能量与代谢、遗传和分子生物学、生物技术、生物进化、个体生物学和发育、生态学等等。 |
| ● |
| 相关链接 |
|
|
|
正题名:基础生命科学
索取号:Q1-0/W850
 
预约/预借
| 序号 | 登录号 | 条形码 | 馆藏地/架位号 | 状态 | 备注 |
| 1 | 537057 | 205370579 | 自科库401/401自科库 24排4列3层/ [索取号:Q1-0/W850] | 在馆 | |
| 2 | 537058 | 205370588 | 自科库401/401自科库 25排2列3层/ [索取号:Q1-0/W850] | 在馆 | |
| 3 | 537059 | 205370597 | 自科库401/401自科库 24排4列3层/ [索取号:Q1-0/W850] | 在馆 |